| 000 | 00831cam a2200253u 4500 | ||
|---|---|---|---|
| 001 | 38711 | ||
| 003 | BD-RjUL | ||
| 005 | 20211209052839.0 | ||
| 008 | 160211s1938 ohufh 000 0 eng | ||
| 035 | _a(BD-RjUL)38820 | ||
| 040 |
_aDLC _cCarP _dDLC _dBD-RjUL _beng |
||
| 041 | _aeng | ||
| 082 |
_a296.43 _bSCJ 1938 _222 |
||
| 100 | 1 |
_aSchauss, Hayyim _d1884-1953. _9119435 |
|
| 245 | 1 | 4 |
_aThe Jewish festivals : _bfrom their beginnings to our own day / _cHayyim Schauss |
| 260 |
_aCincinnati : _bUnion of American Hebrew congregations, _c1938. |
||
| 300 |
_axiii, [1], 320 p., 1 l. : _bplates, facsims., _c24 cm. |
||
| 650 | 0 |
_aFasts and feasts _xJudaism. _9119436 |
|
| 700 | 1 |
_aJaffe, Samuel, _d1899- [from old catalog] _9119437 |
|
| 942 |
_2ddc _cBK |
||
| 999 |
_c38711 _d38711 |
||